000 00719nam a2200265 4500
001 2002
010 _a9789895870714
021 _aPT
_b549681/25
090 _a2002
100 _a20251121d2025 m||y0pory50030103ba
101 _apor
102 _aPT
200 _aAnjos e demónios
_fDan Brown
_gtrad. Elsa T. S. Vieira
205 _a1ª edição
210 _aLisboa
_cPlaneta
_d2025
215 _a638 p.
_cil.
_d24 cm
300 _aBMB-Registado
304 _aTít. orig.: Angels & demons
606 _9795
_aLiteratura Americana
606 _9778
_aRomance Policial
675 _a821.111(73)-312.4
_vBMB
_zpor
700 _aBrown
_bDan
_f1964
_91474
702 _aVieira
_bElsa T. S.
_91120
801 _aPT
_bBMB
_gRPC
990 _cLIVROS